=LDR 00000nam 2200000 4500 =001 INLIS000000000003670 =005 20130612091955 =008 ***********************************Ind** =035 ##$$0010-061300000003670 =041 ##$$a Ind =082 ##$$a 523.12 =090 ##$$a 523.12, Rit a =100 ##$$a Ritonga, Abdul Rahman =245 ##$$a Alam semesta, Abdul Rahman Ritonga =260 ##$$a 1997 $b Jakarta =300 ##$$a xi, 214 hlm., ilus, 21 cm =650 ##$$a Alam semesta =850 ##$$a NBPNMAT